000 00314nam a2200133Ia 4500
100 _aDGET
942 _cBK
654 _aElectrician 1st year trade Theory
245 _aElectrician 1st year trade Theory
260 _bWiley Eastern Pvt. Ltd.
_aNewDelhi
_c1993
300 _a662
546 _aENGLISH
999 _c34627
_d34627